Effect of adrenal insufficiency on distribution of chlorides between plasma and erythrocytes

Elmentve itt :
Bibliográfiai részletek
Szerzők: Karády Sándor
Browne J. S. L.
Selye H.
Dokumentumtípus: Könyv része
Megjelent: 1941
Sorozat:Közlemények a szegedi kir. magy. Ferencz József-Tudományegyetem belgyógyászati klinikájáról
Közlemények a szegedi kir. magy. Ferencz József-Tudományegyetem belgyógyászati klinikájáról 1940-1941
Kulcsszavak:Mellékvesebetegségek
Tárgyszavak:
Online Access:http://acta.bibl.u-szeged.hu/54201
LEADER 00976naa a2200229 i 4500
001 acta54201
005 20220107091933.0
008 180607s1941 hu o 0|| eng d
040 |a SZTE Egyetemi Kiadványok Repozitórium  |b hun 
041 |a eng 
100 1 |a Karády Sándor 
245 1 0 |a Effect of adrenal insufficiency on distribution of chlorides between plasma and erythrocytes  |h [elektronikus dokumentum] /  |c  Karády Sándor 
260 |c 1941 
300 |a 1-4 
490 0 |a Közlemények a szegedi kir. magy. Ferencz József-Tudományegyetem belgyógyászati klinikájáról 
490 0 |a Közlemények a szegedi kir. magy. Ferencz József-Tudományegyetem belgyógyászati klinikájáról 1940-1941 
650 4 |a Orvos- és egészségtudomány 
650 4 |a Klinikai orvostan 
695 |a Mellékvesebetegségek 
700 0 1 |a Browne J. S. L.  |e aut 
700 0 1 |a Selye H.  |e aut 
856 4 0 |u http://acta.bibl.u-szeged.hu/54201/1/kozl_belgy_40_41_001-004a.pdf  |z Dokumentum-elérés